000 00959nam a2200253uu 4500
001 14642
003 HDC
007 cr a| aaaaaaua
008 210215p2004 ||||| |||| 00| 0 eng d
040 _aHDC
110 _aWorld Health Organization
245 0 _aWHO interim recommendations for the protection of persons involved in the mass slaughter of animals potentially infected with highly pathogenic avian influenza viruses
260 _a[no place] :
_b[publisher not identified] ,
_c2004
300 _a1 online resource (2 pages )
336 _atext
_2rdacontent
337 _acomputer
_2rdamedia
338 _aonline resource
_2rdacarrier
650 _aAvian influenza
_915114
650 _amass slaughter
_915113
856 _zRequest full-text at [email protected]
942 _2lcc
942 _cEIS
942 _kREPT 000295
999 _c11958
_d11958